| 000 | 01315nam a2200361 i 4500 | ||
|---|---|---|---|
| 001 | 193521 | ||
| 003 | SpMaBN | ||
| 005 | 20240908063119.0 | ||
| 007 | ta | ||
| 008 | 240103s2019 sp | |||| 000 0 spa | ||
| 017 |
_aM 20881-2019 _bOficina Depósito Legal Madrid |
||
| 020 | _a9788409055708 | ||
| 035 | _a(OCoLC)1309377634 | ||
| 035 | _aa7081190 | ||
| 040 |
_aSpMaBN _bspa _cSpMaBN _erda _dEs-MaACL |
||
| 080 | _a82(048) | ||
| 100 |
_aMartínez-Conde, Ricardo, _d1949- _9234824 _eaut |
||
| 245 | 1 | 0 |
_aAl calor de la lectura : _breseñas críticas / _cRicardo Martínez |
| 250 | _aPrimera edición, 2018 | ||
| 264 | 1 |
_a[Madrid] : _bEditorial Ortigia, _c[2019] |
|
| 300 |
_a140 páginas ; _c21 cm |
||
| 336 |
_aTexto _2rdacontent |
||
| 337 |
_asin mediación _2rdamedia |
||
| 338 |
_avolumen _2rdacarrier |
||
| 650 | 4 |
_aLiteratura- _vReseñas bibliográficas _2embne _914494 |
|
| 655 | 0 |
_aReseñas bibliográficas _2tgfbne _9234825 |
|
| 852 |
_aES-MaACL _bR. 154866 _cDEPOJ _jN-9702 _hDonación: editorial _xEncuadernación rústica con solapas _9201002 |
||
| 942 |
_n0 _cMONOGRAFIA |
||
| 999 |
_c193521 _d193521 |
||